Un puñado de polvo
Guardat en:
| Autor principal: | |
|---|---|
| Format: | Llibre |
| Idioma: | espanyol |
| Publicat: |
Buenos Aires
Emecé
1957
|
| Matèries: | |
| Etiquetes: |
Afegir etiqueta
Sense etiquetes, Sigues el primer a etiquetar aquest registre!
|
MARC
| LEADER | 00000nam a2200000 a 4500 | ||
|---|---|---|---|
| 001 | UCQ3677 | ||
| 003 | CL-VaPUC | ||
| 008 | 980821e19570000AG |||||||||||||||||spa|d | ||
| 082 | 0 | 4 | |a 823 |b WAU |2 21 |
| 100 | 0 | |a Waugh, Evelyn |e author |9 348878 | |
| 245 | 1 | 3 | |a Un puñado de polvo |
| 300 | |a 241 p | ||
| 942 | |c BK | ||
| 945 | |d 19980821 00:00:00 |a crobeson | ||
| 260 | |a Buenos Aires |b Emecé |c 1957 | ||
| 650 | 0 | |a Novelas inglesas |9 265220 | |
| 650 | 0 | |a Literatura inglesa |9 312907 | |
| 583 | |a last modification |c 19980821 00:00:00 |k Rodrigo Vera | ||
| 999 | |c 274194 |d 274192 | ||
| 952 | |0 0 |1 0 |4 0 |6 823_000000000000000_WAU_1957 |7 0 |8 A |9 310300 |a BIBEDU |b BIBEDU |d 2019-11-20 |i 1456989 |o 823 WAU 1957 |p 1456989 |r 2019-11-20 |w 2019-11-20 |y BK |k LIT | ||